000 01052nam a22003377a 4500
001 BR6700511
003 BR-BrBNA
005 20230928083503.0
007 ta
008 230509b bl.||||| |||| 00| 0 por d
040 _aBR-BrBNA
_bpor
_cBiblioteca Nacional de Agricultura
041 _a(Por)
072 _aE30; L00; E70
_b5214
_b/G514
090 _ 5214 BR6700511
110 1 _aPlano de Melhoramento da Alimentacao e do Manejo do Gado Leiteiro, Rio de Janeiro, GB (Brasil)
_97815
245 1 _aPlano de Melhoramento da Alimentacao e do Manejo do Gado Leiteiro. Projeto Estadual do Parana [Brasil]
260 3 _aRio de Janeiro, GB (Brasil):
_c1967.
300 _a124 p.
650 _aGADO LEITEIRO
650 _aPRODUCAO LEITEIRA
650 _aCOMERCIALIZACAO
650 _aNUTRICAO ANIMAL
650 _aDEFESA ANIMAL
650 _aINSTALACAO AGRICOLA
650 _aASSISTENCIA TECNICA
650 _aBENEFICIAMENTO
650 _aPLANEJAMENTO AGRICOLA
650 _aPARANA
909 _a202309
_bLucia
_c55
_dLucia Elande
942 _cBK
999 _c13747
_d13747